|
|
|
|
| LEADER |
01147nam a2200277 a 4500 |
| 008 |
0100523s2008 enk b 001 0 eng d |
| 010 |
|
|
|a \\2007002769
|
| 020 |
|
|
|a 1846841704
|
| 020 |
|
|
|a 9781846841705
|
| 020 |
|
|
|a 9780826489364 (pbk.)
|
| 020 |
|
|
|a 0826489362 (pbk.)
|
| 040 |
|
|
|a DLC
|c DLC
|d DLC
|d BD-DhAAL
|
| 082 |
0 |
0 |
|a 821/.1
|2 22
|
| 100 |
1 |
|
|a Ashton, Gail,
|d 1957-
|
| 245 |
1 |
0 |
|a Chaucer's The Canterbury tales /
|c Gail Ashton.
|
| 260 |
|
|
|a London ;
|a New York :
|b Continuum,
|c c2008.
|
| 300 |
|
|
|a v, 121 p. ;
|c 22 cm.
|
| 490 |
0 |
|
|a Continuum reader's guides
|
| 504 |
|
|
|a Includes bibliographical references and index.
|
| 505 |
0 |
|
|a Contexts -- Language, style, and form -- Reading The Canterbury tales -- Critical reception and publishing history -- Afterlives.
|
| 541 |
1 |
|
|e 00020265
|
| 600 |
1 |
0 |
|a Chaucer, Geoffrey,
|d d. 1400.
|t Canterbury tales.
|
| 650 |
|
0 |
|a Tales, Medieval
|x History and criticism.
|
| 852 |
4 |
|
|a Ayesha Abed Library
|j General Shelf
|
| 999 |
|
|
|c 8675
|d 8675
|
| 952 |
|
|
|0 0
|1 0
|2 ddc
|4 0
|6 821_100000000000000_ASH_2008
|7 0
|9 10436
|a BRACUL
|b BRACUL
|c GEN
|d 2010-05-24
|l 10
|m 42
|o 821.1 ASH
|p 3010020265
|r 2025-10-07
|s 2025-06-17
|t 1
|w 2010-05-24
|y BK
|